000 00587nam a22001577a 4500
008 150925b xxu||||| |||| 00| 0 eng d
020 _a0923521003
050 _aHF 5718 .A325 1991
100 _aAdler, Elizabeth
_d 1991
245 _aPrint That Works:
_bThe First Step-by-Step Guide That Integrates Writing, Design, and Marketing
_cElizabeth, Adler
260 _aCalifornia:
_bBull Publishing Company,
_c 1991.
300 _a400p:ill.
_bincludes index.
650 _aBusiness Communication
650 _aNewsletters-Publishing
942 _2lcc
_cBOOKS
_hHF 5718 .A325 1991
999 _c6509
_d6509